Otec na "materskej dovolenke"

Rodičovská dovolenka muža. Materská dávka. Podmienky nároku otca na vznik materského. Súbeh nároku na materské viacerým oprávneným osobám. Pracovné možnosti otca počas poberania materskej dávky. Aké povinnosti vyplývajú matke, keď otec poberá materské.

Enregistré dans:
Détails bibliographiques
Auteur principal: Kučerková, Klára
Format: Chapitre de livre
Langue:slovaque
Sujets:
Tags: Ajouter un tag
Pas de tags, Soyez le premier à ajouter un tag!

MARC

LEADER 00000naa a2200000 4500
001 0256876
005 20190704095122.1
041 0 |a slo 
044 |a SK 
245 1 0 |a Otec na "materskej dovolenke"  |c Klára Kučerková 
520 |a Rodičovská dovolenka muža. Materská dávka. Podmienky nároku otca na vznik materského. Súbeh nároku na materské viacerým oprávneným osobám. Pracovné možnosti otca počas poberania materskej dávky. Aké povinnosti vyplývajú matke, keď otec poberá materské. 
610 2 0 |a dovolenka materská 
610 2 0 |a dávky v materstve 
610 2 0 |a muži 
610 2 0 |a poistenie sociálne 
610 2 0 |a poistenie zdravotné 
610 2 0 |a práca 
610 2 0 |a legislatíva 
100 1 |a Kučerková, Klára